| 000 | 00655nam a22002173a 4500 | ||
|---|---|---|---|
| 005 | 20230602063720.0 | ||
| 008 | 010531s1994 mx r 000 0 spa d | ||
| 020 | _a9681640721 | ||
| 035 | _aUPN01000116890 | ||
| 049 | _aI | ||
| 050 | 4 |
_aPZ73 M6 _bH5a |
|
| 100 | 1 |
_aHinojosa, Francisco, _d1954- _928902 |
|
| 245 | 1 | 3 |
_aLa fórmula del doctor Funes / _cHoracio Hinojosa ; il. de Mauricio Gómez Morín. |
| 250 | _a2a ed. | ||
| 260 |
_aMéxico : _bFCE, _c1994. |
||
| 300 |
_a97 p. : _bil. |
||
| 440 | 0 |
_aA la orilla del viento. _pPara los que leen bien ; _v44 |
|
| 650 | 4 |
_aCuentos mexicanos _96937 |
|
| 650 | 4 |
_aNovela mexicana _94557 |
|
| 905 | _aInfantil | ||
| 999 |
_c89532 _d89532 |
||